| 000 | 01057cam a22003131a 4500 | ||
|---|---|---|---|
| 999 |
_c17674 _d17674 |
||
| 001 | 8948220 | ||
| 003 | BDDh-ASL | ||
| 005 | 20231015025624.0 | ||
| 008 | 720427s1967 enkb ab 000 0 eng | ||
| 010 | _a 67013806 | ||
| 015 | _aGB67-14559 | ||
| 035 | _a(OCoLC)295980 | ||
| 040 |
_aDLC _cBDDh-ASL _dBDDh-ASL _dNNG _dUk _dDLC |
||
| 042 | _apremarc | ||
| 043 | _aa-ii--- | ||
| 050 | 0 | 0 |
_aBV3290.S4 _bP6 |
| 082 |
_a266.0092 _bPOB |
||
| 100 | 1 |
_aPotts, E. Daniel _q(Eli Daniel) |
|
| 245 | 1 | 0 |
_aBritish Baptist missionaries in India, 1793-1837 : _bthe history of Serampore and its missions/ _cE. Daniel Potts |
| 260 |
_aLondon : _bb Cambridge University Press, _c1967. |
||
| 300 |
_a276 p. : _bill., map ; _c23 cm. |
||
| 504 | _aBibliography: p. [248]-267. | ||
| 650 | 0 |
_aMissions _zIndia _zSerampore _xHistory. |
|
| 650 | 0 |
_aMissions, British _zIndia _zSerampore _xHistory. |
|
| 650 | 0 |
_aBaptists _xMissions _zIndia _zSerampore _xHistory. |
|
| 651 | 0 |
_aSerampore (India) _xHistory. |
|
| 906 |
_a7 _bcbc _coclcrpl _du _encip _f19 _gy-gencatlg |
||
| 942 |
_2ddc _cBK |
||